| 000 | 01037 a2200241 4500 | ||
|---|---|---|---|
| 001 | 57359 | ||
| 005 | 20260407155835.0 | ||
| 008 | 260407a2016 arg spa d | ||
| 003 | AR-UNSa-BCEJYS | ||
| 040 |
_aAR-UNSa-BCEJYS _bspa _cAR-UNSa-BCEJYS |
||
| 080 |
_a330.101 _xCiencia económica en general. La economía y sus problemas. Objeto y métodos de la economía política |
||
| 245 | 1 | 0 | _aPrincipios de economía política |
| 020 | _a978-84-7209-316-6 | ||
| 250 | _a2a. ed. | ||
| 264 | 1 |
_aMadrid : _bUnion Editorial _c2016 |
|
| 300 |
_a379 p. _c23 cm. |
||
| 505 | _a1. La teoría general del bien - 2. Economía y bienestar económico - 3. La teoría del valor – 4. Teoría del intercambio – 5. Teoría del precio – 6. Valor de uso y valor de cambio – 7. Teoría de la mercancía – 8. Teoría del dinero | ||
| 041 | _aspa | ||
| 942 | _cBK | ||
| 590 | _aniveau_biblio:m niveau_hierar:0 | ||
| 100 | 1 | _aMenger, Carl | |
| 856 | 4 | 1 |
_uhttps://biblioeco.unsa.edu.ar/pmb/images/libros/L128752.jpg _yImagen de portada _qimage/jpeg |
| 999 |
_c6193 _d6193 |
||